000 00864cam a2200205 i 4500
005 20251108172504.0
008 250721s1998 ua gr 000 0 ara d
082 1 4 _a025.3203
_bخ ل ى
100 1 _aخليفة، شعبان عبدالعزيز
_eمؤلف.
245 1 0 _aموسوعة الفهرسة الوصفية للمكتبات ومراكز المعلومات /
_cتأليف د. شعبان عبد العزيز خليفة، محمد عوض العايدي.
250 _aالطبعة الأولى.
264 1 _aالقاهرة :
_bمركز الكتاب للنشر،
_c1998.
300 _aالجزء الأول.
650 1 7 _aعلم المكتبات.
650 1 7 _aالفهرسة الوصفية.
650 1 7 _aالموسوعات.
700 1 _aعابدي، محمد عوض
_eمؤلف مشارك.
942 _2ddc
_cBK
999 _c80649
_d80649